Witamy w Bibliotece Naukowej Instytutu Łączności!

Przestrzenne promieniowanie anteny wzdłużnej j/8DD/1/0,5 nad ziemią idealną / (Rekord nr 7537)

000 -LEADER
fixed length control field 00363 a2200097 4500
100 1# - MAIN ENTRY--PERSONAL NAME
Personal name Manczarski, S..
Relator term Autor
245 0# - TITLE STATEMENT
Title Przestrzenne promieniowanie anteny wzdłużnej j/8DD/1/0,5 nad ziemią idealną /
Statement of responsibility, etc Manczarski S., Rucińska H..
260 ## - PUBLICATION, DISTRIBUTION, ETC. (IMPRINT)
Place of publication, distribution, etc Warszawa :
Name of publisher, distributor, etc IŁ,
Date of publication, distribution, etc 1957.
300 ## - PHYSICAL DESCRIPTION
Extent 64 s.;
Dimensions 35 cm.
700 1# - ADDED ENTRY--PERSONAL NAME
Personal name Rucińska, H..
Relator term Autor
710 2# - ADDED ENTRY--CORPORATE NAME
Corporate name or jurisdiction name as entry element Instytut Łączności.
Relator term Wydawca
Relator code pbl
Egzemplarze
Withdrawn status Lost status Source of classification or shelving scheme Damaged status Not for loan Permanent Location Current Location Shelving location Date acquired Cost, normal purchase price Inventory number Full call number Barcode Date last seen Price effective from Koha item type Public note
        Nie do wypożyczenia Instytut Łączności Instytut Łączności Magazyn 1958-05-27 0.00 8534 8534/arch 8534/arch 2023-01-03 2017-11-30 Książki nie do wypożyczeń

Działa dzięki Koha